Anaro and other stories / (Record no. 25761)

MARC details
000 -LEADER
fixed length control field 00959 a2200241 4500
005 - DATE AND TIME OF LATEST TRANSACTION
control field 2009041502312.0
008 - FIXED-LENGTH DATA ELEMENTS--GENERAL INFORMATION
fixed length control field 090415t xxu||||| |||| 00| 0 eng d
010 ## - LCCN (DPL NO)
LC control number B-284292
020 ## - INTERNATIONAL STANDARD BOOK NUMBER
Terms of availability 225.00
International Standard Book Number 8125016708
020 ## - INTERNATIONAL STANDARD BOOK NUMBER
Terms of availability 225.00
International Standard Book Number 9788125016700
035 ## - SYSTEM CONTROL NUMBER
System control number B-284292
037 ## - SOURCE OF ACQUISITION
Source of stock number/acquisition Aakar Books
040 ## - CATALOGING SOURCE
Original cataloging agency dpl
Language of cataloging English
082 ## - DEWEY DECIMAL CLASSIFICATION NUMBER
Classification number S
100 ## - MAIN ENTRY--PERSONAL NAME
Personal name Bhagat, Manjul
245 ## - TITLE STATEMENT
Title Anaro and other stories /
Statement of responsibility, etc by Manjul Bhagat
260 ## - PUBLICATION, DISTRIBUTION, ETC. (IMPRINT)
Place of publication, distribution, etc New Delhi
Name of publisher, distributor, etc Orient Longman
Date of publication, distribution, etc 2001
270 ## - ADDRESS
Address 1/24 Asaf Ali Road
City New Delhi
Postal code 110002
300 ## - PHYSICAL DESCRIPTION
Extent 123p.
Dimensions 21cm. (pbk)
942 ## - ADDED ENTRY ELEMENTS (KOHA)
Institution code [OBSOLETE] dpl
Item type English Books
Source of classification or shelving scheme Dewey Decimal Classification
Classification part S
Call number suffix BHA
Holdings
Withdrawn status Lost status Source of classification or shelving scheme Damaged status Not for loan Collection code Home library Current library Date acquired Source of acquisition Cost, normal purchase price Total Checkouts Full call number Barcode Date last seen Copy number Cost, replacement price Koha item type
    Dewey Decimal Classification     Fiction Vinoba Puri Vinoba Puri 15/04/2009 Aakar Books/I-249/1.8.08/182/21.7.08/13.8.08 225.00 2 S BHA B-284292 28/04/2010 1 225.00 English Books

© Delhi Public Library
Hit Counter
free hit counter